Agreement for the creation of an assured shorthold tenancy (Record no. 102575)

MARC details
000 -LEADER
fixed length control field 01279cam a2200313 4500
008 - FIXED-LENGTH DATA ELEMENTS--GENERAL INFORMATION
fixed length control field #DATE n2003 000 0 eng u
020 ## - INTERNATIONAL STANDARD BOOK NUMBER
International Standard Book Number 1842190946
035 ## - SYSTEM CONTROL NUMBER
System control number (Sirsi) u120952
041 0# - LANGUAGE CODE
Language code of text/sound track or separate title eng
050 04 - LIBRARY OF CONGRESS CALL NUMBER
Classification number 346.4104342 $2 18
110 2# - MAIN ENTRY--CORPORATE NAME
Corporate name or jurisdiction name as entry element Royal Institution of Chartered Surveyors
9 (RLIN) 4900
245 00 - TITLE STATEMENT
Title Agreement for the creation of an assured shorthold tenancy
Remainder of title England and Wales only
250 ## - EDITION STATEMENT
Edition statement 2nd ed. reprinted with corrections
260 ## - PUBLICATION, DISTRIBUTION, ETC.
Place of publication, distribution, etc. Coventry
Name of publisher, distributor, etc. RICS
Date of publication, distribution, etc. 2003
300 ## - PHYSICAL DESCRIPTION
Extent 14p.
Dimensions 30cm.
350 ## - PRICE (NR) (BK AM CF MU VM SE) [OBSOLETE]
Price 9.50
490 #0 - SERIES STATEMENT
Series statement RICS Conditions of Engagement
490 #0 - SERIES STATEMENT
Series statement RICS Model Tenancies
490 #0 - SERIES STATEMENT
Series statement RICS Stationery
520 ## - SUMMARY, ETC.
Summary, etc. Includies: basic terms; proforma for individually negotiated terms and variations from the standard conditions and clauses; standard terms; the original; and the counterpart. The form is not to be used for agreements of three years or more which must be signed as a deed.
520 ## - SUMMARY, ETC.
Summary, etc. Supersedes first revised edition (M94938).
650 24 - SUBJECT ADDED ENTRY--TOPICAL TERM
Topical term or geographic name entry element ASSURED SHORTHOLD TENANCIES
650 24 - SUBJECT ADDED ENTRY--TOPICAL TERM
Topical term or geographic name entry element HOUSING ACT 1988 PART I
650 24 - SUBJECT ADDED ENTRY--TOPICAL TERM
Topical term or geographic name entry element HOUSING ACT 1996
651 #4 - SUBJECT ADDED ENTRY--GEOGRAPHIC NAME
Geographic name England and Wales
Chronological subdivision 1543-
690 ## - LOCAL SUBJECT ADDED ENTRY--TOPICAL TERM (OCLC, RLIN)
Topical term or geographic name as entry element PROPERTY-RESIDENTIAL PROPERTY-RESIDENTIAL LANDLORD AND TENANT-RESIDENTIAL TENANCIES
942 ## - ADDED ENTRY ELEMENTS (KOHA)
Suppress in OPAC 0
Holdings
Withdrawn status Lost status Source of classification or shelving scheme Damaged status Not for loan Home library Current library Shelving location Date acquired Total Checkouts Full call number Barcode Date last seen Copy number Price effective from Koha item type Date last checked out
    Dewey Decimal Classification     London London RICS Boxes 07/08/2003   RICS 2003/27 30067283 06/08/2019 1 06/08/2019 Archive  
    Dewey Decimal Classification     London London RICS Boxes 07/08/2003   RICS 2003/27 30067288 06/08/2019 2 06/08/2019 Reference material  
    Dewey Decimal Classification     London London RICS Boxes 07/08/2003 3 RICS 2003/27 30067286 06/08/2019 4 06/08/2019 Book 27/09/2005